00687nam a22002177a 450000500170000001000130001702000220003003500130005203700160006504000120008108200170009310000260011024501180013625000120025426000440026627000460031030000250035650000500038165000190043165000190045020170124105929.0 aA-408170 a0876925735c65.00 aA-408170 bCen Lib/Ret aDPLbEN a330.954bBHA aBhattacharyya, Dhires aA concise history Indian economy :cby Dhires Bhattacharyyabfrom the mid-eighteenth century to the present day / a3rd ed. aNew DelhibPrintice-Hall of Indiac1989 aM-97, Cannaught CircusbNew Delhie110001 avii, 360p.c22cm(Hb) aIncludes bibliographical references and index aIndian history aIndian economy